000 00902nam a2200253 a 4500
001 1214
003 BR-CuiBMT
005 20231204190306.0
008 231201s2006 dfba 000 0 por d
040 _aBR-CuiBMT
_cBR-CuiBMT
080 _a35.077.1
_22007
090 _a35.077.1
_bA946
245 0 0 _aAvanços e perspectivas da gestão pública nos Estados /
_cConselho Nacional de Secretários de Estado de Administração.
260 _aBrasília :
_bCONSAD/FUNDAP,
_c2006.
300 _a268 p. ;
_c22 cm
500 _aSeminário Avanços e perspectivas da gestão pública.
650 _aAdministração pública estadual
650 _aGestão das Compras Governamentais
650 _aNovas Formas de Gestão Pública
650 _aGoverno Estadual
650 _a arquitetura governamental
711 _aSeminário Avanços e perspectivas da gestão pública nos Estados.
942 _2udc
_cLV
999 _c1214
_d1214